Экономическая оценка риска аварий на магистральных нефтепроводах: методический аспект (Запись № 9788859)

Подробности
000 -МАРКЕР
контрольное поле 01609nam0a2200325 i 4500
001 - ИДЕНТИФИКАТОР ЗАПИСИ
контрольное поле RU\NLR\BIBL_A\010415907
005 - ИДЕНТИФИКАТОР ВЕРСИИ
контрольное поле 20240921200636.0
010 ## - МЕЖДУНАРОДНЫЙ СТАНДАРТНЫЙ НОМЕР КНИГИ (ISBN)
Номер (ISBN) 9785914092952
Тираж 200
021 ## - НОМЕР ГОСУДАРСТВЕННОЙ РЕГИСТРАЦИИ
Код страны Российская Федерация
Номер 2014-36606
Номер Листа государственной регистраци 2234
035 ## - ДРУГИЕ СИСТЕМНЫЕ НОМЕРА
Идентификатор записи (NILC)RuMoRGB-007489295
035 ## - ДРУГИЕ СИСТЕМНЫЕ НОМЕРА
Идентификатор записи (NLR Aleph) 010415907
100 ## - ДАННЫЕ ОБЩЕЙ ОБРАБОТКИ
Данные общей обработки 20140715d2012 km y0rusy50 ca
101 0# - ЯЗЫК РЕСУРСА
Язык текста, звукозаписи и т.д. русский
102 ## - СТРАНА ПУБЛИКАЦИИ ИЛИ ПРОИЗВОДСТВА
Страна публикации Российская Федерация
105 ## - ПОЛЕ КОДИРОВАННЫХ ДАННЫХ: ТЕКСТОВЫЕ МАТЕРИАЛЫ, МОНОГРАФИЧЕСКИЕ
Кодированные данные о монографическом текстовом документе a|||z|||000yy
200 1# - ЗАГЛАВИЕ И СВЕДЕНИЯ ОБ ОТВЕТСТВЕННОСТИ
Основное заглавие Экономическая оценка риска аварий на магистральных нефтепроводах: методический аспект
Первые сведения об ответственности Д. Н. Мартынов
Последующие сведения об ответственности М-во образования и науки Российской Федерации, Гос. образовательное учреждение высш. проф. образования "Тюменский гос. нефтегазовый ун-т"
210 ## - ПУБЛИКАЦИЯ, РАСПРОСТРАНЕНИЕ И ДР.
Место издания, распространения и т.д. Тюмень
Имя издателя, распространителя и т. д. Вектор Бук
Дата издания, распространения и т.д. 2012
215 ## - ФИЗИЧЕСКАЯ ХАРАКТЕРИСТИКА
Специфическое обозначение материала и объем 22 с.
Другие сведения о физической характеристике ил.
Размеры 21
606 1# - НАИМЕНОВАНИЕ ТЕМЫ КАК ПРЕДМЕТ
Наименование темы Нефтегазовая промышленность
Тематический подзаголовок Риски
Системный номер авторитетной/нормативной записи 2404379
Идентификатор авторитетной/нормативной записи RU\NLR\AUTH\661433011
606 1# - НАИМЕНОВАНИЕ ТЕМЫ КАК ПРЕДМЕТ
Наименование темы Нефтепроводы
Тематический подзаголовок Экономические исследования
Системный номер авторитетной/нормативной записи 2132414
Идентификатор авторитетной/нормативной записи RU\NLR\AUTH\661286324
606 1# - НАИМЕНОВАНИЕ ТЕМЫ КАК ПРЕДМЕТ
Наименование темы Нефтепроводы
Тематический подзаголовок Аварии
Системный номер авторитетной/нормативной записи 1692323
Идентификатор авторитетной/нормативной записи RU\NLR\AUTH\66752511
686 1# - ИНДЕКСЫ ДРУГИХ КЛАССИФИКАЦИЙ
Индекс У30(2)565.2
686 1# - ИНДЕКСЫ ДРУГИХ КЛАССИФИКАЦИЙ
Индекс У37(2)65
700 #1 - ИМЯ ЛИЦА - ПЕРВИЧНАЯ ОТВЕТСТВЕННОСТЬ
Начальный элемент ввода Мартынов
Часть имени, кроме начального элемента ввода Д. Н.
Дополнения к именам, кроме дат экономист
Расширение инициалов личного имени Денис Николаевич
Системный номер авторитетной/нормативной записи 142910
Идентификатор авторитетной/нормативной записи RU\NLR\AUTH\770142946
801 #0 - ИСТОЧНИК ЗАПИСИ
Страна Российская Федерация
Организация РГБ
Дата составления 20140514
Правила каталогизации RCR
942 ## - ДОПОЛНИТЕЛЬНЫЕ ЭЛЕМЕНТЫ ЗАПИСИ (АБИС)
Тип экземпляра АБИС Книга
980 ## - КОЛЛЕКЦИЯ
Название коллекции НБР

Нет доступных экземпляров.